| 000 | 00000nam 2200000za 4500 |
| 001 | 9.643049 |
| 003 | CaOODSP |
| 005 | 20221107134346 |
| 007 | cr ||||||||||| |
| 008 | 150407s1975||||xxca||||o f000 0 fre d |
| 040 | |aCaOODSP|bfre |
| 043 | |an-cn--- |
| 086 | 1 |aA53-1530/1975F-PDF |
| 100 | 1 |aLawrence, C. H. |
| 245 | 10|aGale commune et gale poudreuse de la pomme de terre |h[ressource électronique] / |cC.H. Lawrence. |
| 260 | |aOttawa : |bAgriculture Canada, |c1975. |
| 300 | |a8 p. : |bill. |
| 500 | |a« Cette publication remplace la Publication 953, Gale commune de la pomme de terre. »--p. [2]. |
| 500 | |aPublication historique numérisée par Agriculture et Agroalimentaire Canada. |
| 590 | |a14-11-Supp|b2014-05-21 |
| 691 | 07|aMaladie des plantes|2gcpds |
| 691 | 07|aPomme de terre|2gcpds |
| 710 | 1 |aCanada.|bAgriculture Canada. |bDirection générale de recherche. |
| 775 | 08|tCommon and powdery scab of potato |w(CaOODSP)9.699305 |
| 856 | 40|ahttp://publications.gc.ca|qPDF|s724 Ko|uhttps://publications.gc.ca/collections/collection_2014/aac-aafc/agrhist/A53-1530-1975-fra.pdf |
| 986 | |aPublication 1530 |